IMA Journal of Numerical Analysis

Bibliografiske detaljer
Format: Electronisk Tidsskrift
Sprog:English
Udgivet: Institute of Mathematics and its Applications
Fag:
Online adgang:Full text available on Oxford Academic
Off-campus access
LEADER 00975cas a2200217 a 4500
001 AALejournalOSO000201
008 230101c9999 xx r poo 0 0eng d
022 |a 0272-4979 
022 |a 1464-3642 
040 |a BD-DhAAL  |c BD-DhAAL 
245 0 0 |h [electronic resource]  |a IMA Journal of Numerical Analysis 
260 |b Institute of Mathematics and its Applications 
300 |a 1 online resource 
362 0 |a Vol. 16, no. 1 
500 |a <strong>Off-Campus Access:</strong> Athens ID and Password Required 
500 |a <strong>On-Campus Access:</strong> No User ID or Password Required 
506 |a Electronic access restricted to authorized BRAC University faculty, staff and students 
538 |a Mode of access: Internet 
650 4 |a Numerical Analysis 
856 4 0 |z Full text available on Oxford Academic  |u https://academic.oup.com/imajna/issue 
856 4 0 |z Off-campus access  |u https://go.openathens.net/redirector/bracu.ac.bd?url=https%3A%2F%2Facademic.oup.com%2Fimajna%2Fissue